| 000 | 00478nam a2200193Ia 4500 | ||
|---|---|---|---|
| 003 | STCL | ||
| 008 | 221019s9999 xx 000 0 und d | ||
| 020 | _a9780131181854 | ||
| 040 |
_aSTCL _cSTCL _bEN |
||
| 082 | _222 | ||
| 100 | _aStoodt-Hill, Barbara D | ||
| 245 | 0 | _aChildren's literature: discovery for a lifetime | |
| 250 | _a3 | ||
| 260 |
_bPearson Education _aNew Jersey _c2005 |
||
| 300 | _axxii, 388 p | ||
| 365 | _b720 | ||
| 546 | _aEnglish | ||
| 942 |
_cBK _2DDC _e22 |
||
| 999 |
_c87696 _d87696 |
||